[Event "TUR Cup"]
[Site "Adapazari"]
[Date "2022.03.26"]
[Round "2"]
[White "Atayman, Evren"]
[Black "Ererdem, Gani Eren"]
[Result "0-1"]
[WhiteElo "1672"]
[BlackElo "2134"]
[PlyCount "78"]
[EventDate "2022.03.25"]
[EventType "swiss"]
[EventRounds "11"]
[EventCountry "TUR"]
[SourceTitle "EXT 2023"]
[Source "ChessBase"]
[SourceDate "2022.10.05"]
[SourceVersion "1"]
[SourceVersionDate "2022.10.05"]
[SourceQuality "1"]

1. d4 g6 2. Nf3 d6 3. e3 Bg7 4. b3 Nf6 5. Bb2 0-0 6. Be2 Nc6 7. 0-0 e5 8. dxe5 Ng4 9. Nbd2 Ngxe5 10. Nxe5 Nxe5 11. Qc1 Qe7 12. Nc4 Rd8 13. Nxe5 dxe5 14. c4 h5 15. Qc3 Bg4 16. f3 Be6 17. Rad1 Rxd1 18. Rxd1 a5 19. c5 a4 20. Bc4 axb3 21. axb3 Bxc4 22. Qxc4 Ra2 23. Qc3 Kh7 24. Ra1 Rxb2 25. Qxb2 e4 26. Qc1 Bxa1 27. Qxa1 Qxc5 28. Qe1 exf3 29. gxf3 Qd5 30. Kg2 Qxb3 31. Qa5 b6 32. Qe5 c5 33. Qc7 Qe6 34. f4 c4 35. e4 Qxe4+ 36. Kf2 Qd4+ 37. Kg3 Qe3+ 38. Kh4 Qf2+ 39. Kg5 Qc5+ 0-1

[Event "TUR Cup"]
[Site "Antalya"]
[Date "2020.01.31"]
[Round "9"]
[White "Karakaya, Mehmet"]
[Black "Atayman, Evren"]
[Result "1-0"]
[WhiteElo "1367"]
[BlackElo "1596"]
[PlyCount "109"]
[EventDate "2020.01.26"]
[EventType "swiss"]
[EventRounds "11"]
[EventCountry "TUR"]
[SourceTitle "CBM 194 Extra"]
[Source "ChessBase"]
[SourceDate "2020.03.31"]
[SourceVersion "1"]
[SourceVersionDate "2020.03.31"]
[SourceQuality "1"]

1. e4 e5 2. Nf3 Nf6 3. Nc3 Nc6 4. d4 exd4 5. Nxd4 Bc5 6. Be3 Nxd4 7. Bxd4 Bxd4 8. Qxd4 0-0 9. g3 d6 10. Bg2 h5 11. 0-0-0 Be6 12. e5 dxe5 13. Qxe5 Qe7 14. Nd5 Nxd5 15. Bxd5 Qc5 16. Qd4 Qxd4 17. Rxd4 c6 18. Bxe6 fxe6 19. f4 Rad8 20. Rhd1 Rd5 21. c4 Rc5 22. b4 Rcf5 23. Re4 Re8 24. Rd6 Kf7 25. Kd2 a5 26. a3 g5 27. Ke3 g4 28. Kd4 axb4 29. axb4 h4 30. Rd7+ Re7 31. Rxe7+ Kxe7 32. Re5 Kf6 33. Rxf5+ Kxf5 34. Kc5 hxg3 35. hxg3 e5 36. fxe5 Kxe5 37. Kb6 Kd4 38. c5 Ke3 39. Kxb7 Kf3 40. b5 cxb5 41. c6 Kxg3 42. c7 Kh2 43. c8Q g3 44. Qh8+ Kg1 45. Qb2 g2 46. Qxb5 Kf2 47. Qf5+ Kg3 48. Qg5+ Kh3 49. Kc6 Kh2 50. Qh4+ Kg1 51. Kd5 Kf1 52. Qf4+ Kg1 53. Ke4 Kh1 54. Qh4+ Kg1 55. Kf3 1-0

[Event "TUR Cup"]
[Site "Antalya"]
[Date "2020.01.30"]
[Round "8"]
[White "Atayman, Evren"]
[Black "Gunay, Mehmet Eren"]
[Result "0-1"]
[WhiteElo "1596"]
[BlackElo "1803"]
[PlyCount "66"]
[EventDate "2020.01.26"]
[EventType "swiss"]
[EventRounds "11"]
[EventCountry "TUR"]
[SourceTitle "CBM 194 Extra"]
[Source "ChessBase"]
[SourceDate "2020.03.31"]
[SourceVersion "1"]
[SourceVersionDate "2020.03.31"]
[SourceQuality "1"]

1. e4 c5 2. Nf3 d6 3. d4 cxd4 4. Nxd4 Nf6 5. Nc3 g6 6. f4 Nc6 7. Bb5 Bd7 8. Bxc6 bxc6 9. 0-0 Bg7 10. e5 dxe5 11. fxe5 Nd5 12. Nxd5 cxd5 13. Qf3 0-0 14. Qxd5 Qc7 15. Rxf7 Rxf7 16. Qxa8+ Rf8 17. Qd5+ Kh8 18. Bd2 Bxe5 19. Bc3 Bg7 20. Re1 e5 21. Nf3 Qb6+ 22. Kh1 Bc6 23. Qd3 Qb7 24. Bxe5 Bxf3 25. gxf3 Rxf3 26. Bxg7+ Kxg7 27. Qe4 Qf7 28. Qd4+ Kg8 29. Qd8+ Kg7 30. Qd4+ Kg8 31. Kg2 Rf4 32. Qe3 Qd5+ 33. Kh3 Rf3+ 0-1

[Event "TUR Cup"]
[Site "Antalya"]
[Date "2020.01.29"]
[Round "5"]
[White "Atayman, Evren"]
[Black "Bilgin, Kaan Bora"]
[Result "1-0"]
[WhiteElo "1596"]
[BlackElo "1267"]
[PlyCount "55"]
[EventDate "2020.01.26"]
[EventType "swiss"]
[EventRounds "11"]
[EventCountry "TUR"]
[SourceTitle "CBM 194 Extra"]
[Source "ChessBase"]
[SourceDate "2020.03.31"]
[SourceVersion "1"]
[SourceVersionDate "2020.03.31"]
[SourceQuality "1"]

1. c4 e5 2. Nc3 Nf6 3. g3 d5 4. cxd5 Nxd5 5. Bg2 Nb6 6. Nf3 Nc6 7. d3 Be7 8. 0-0 0-0 9. Be3 Be6 10. a4 f5 11. a5 Nd5 12. Nxd5 Bxd5 13. a6 b6 14. Qc1 Na5 15. Nxe5 Nb3 16. Nc6 Nxc1 17. Bxd5+ Kh8 18. Nxd8 Nxe2+ 19. Kg2 Raxd8 20. Rfe1 Rxd5 21. Rxe2 Rxd3 22. Bxb6 cxb6 23. Rxe7 Ra8 24. Rc1 Rb3 25. Rxa7 Rg8 26. Rc2 Rb4 27. Rb7 h6 28. a7 1-0

[Event "TUR Cup"]
[Site "Antalya"]
[Date "2020.01.28"]
[Round "4"]
[White "Subasi, Cagrican"]
[Black "Atayman, Evren"]
[Result "1-0"]
[WhiteElo "1861"]
[BlackElo "1596"]
[PlyCount "121"]
[EventDate "2020.01.26"]
[EventType "swiss"]
[EventRounds "11"]
[EventCountry "TUR"]
[SourceTitle "CBM 194 Extra"]
[Source "ChessBase"]
[SourceDate "2020.03.31"]
[SourceVersion "1"]
[SourceVersionDate "2020.03.31"]
[SourceQuality "1"]

1. e4 c5 2. Nf3 Nf6 3. Nc3 Nc6 4. d4 cxd4 5. Nxd4 e5 6. Ndb5 d6 7. Bg5 a6 8. Na3 b5 9. Nd5 Be7 10. Bxf6 Bxf6 11. c3 Rb8 12. Nc2 Bg5 13. Bd3 0-0 14. h4 Bh6 15. Qf3 Ne7 16. g4 Nxd5 17. exd5 Bf4 18. Nb4 Rb6 19. Rg1 f5 20. gxf5 Bxf5 21. Bxf5 Rxf5 22. Qg4 Qf6 23. a4 Rb8 24. axb5 axb5 25. Nc6 Re8 26. Ra7 Bh6 27. Ne7+ Rxe7 28. Rxe7 Qxe7 29. Qxf5 Qc7 30. Qd3 Qa5 31. Ke2 Qa4 32. b3 Qf4 33. Ra1 g6 34. Ra8+ Kg7 35. Ra7+ Kg8 36. Qf3 Qd2+ 37. Kf1 Bf4 38. Kg2 h5 39. c4 Qd4 40. Ra8+ Kh7 41. cxb5 Bh6 42. b6 Bg7 43. b7 e4 44. Qf7 e3 45. Rh8+ Kxh8 46. b8Q+ Kh7 47. Qbg8+ Kh6 48. Qgxg7+ Qxg7 49. Qxg7+ Kxg7 50. fxe3 Kf6 51. Kf3 g5 52. hxg5+ Kxg5 53. b4 Kf6 54. b5 Ke7 55. Kf4 Kd7 56. Kg5 Kc7 57. Kxh5 Kb6 58. Kg5 Kxb5 59. Kf5 Kc4 60. Ke6 Kc5 61. e4 1-0

[Event "TUR Cup"]
[Site "Antalya"]
[Date "2020.01.27"]
[Round "3"]
[White "Atayman, Evren"]
[Black "Sulak, Yusuf"]
[Result "1-0"]
[WhiteElo "1596"]
[BlackElo "1556"]
[PlyCount "103"]
[EventDate "2020.01.26"]
[EventType "swiss"]
[EventRounds "11"]
[EventCountry "TUR"]
[SourceTitle "CBM 194 Extra"]
[Source "ChessBase"]
[SourceDate "2020.03.31"]
[SourceVersion "1"]
[SourceVersionDate "2020.03.31"]
[SourceQuality "1"]

1. d4 Nf6 2. c4 e6 3. Nf3 d5 4. Nc3 Be7 5. Bg5 c6 6. e3 Nbd7 7. Rc1 0-0 8. a3 a5 9. Bd3 dxc4 10. Bxc4 b5 11. Bd3 b4 12. axb4 Bxb4 13. 0-0 c5 14. Ne4 cxd4 15. Nxd4 Bb7 16. Nc6 Bxc6 17. Rxc6 Ne5 18. Nxf6+ gxf6 19. Bxh7+ Kxh7 20. Qh5+ Kg8 21. Rd1 Qxd1+ 22. Qxd1 fxg5 23. Rc1 Rfd8 24. Qh5 Be7 25. h4 Rac8 26. Ra1 Rc5 27. hxg5 Ng6 28. Rd1 Rxd1+ 29. Qxd1 Bxg5 30. g3 Bf6 31. Qd6 Rb5 32. Qc6 Rxb2 33. Qa8+ Kg7 34. Qxa5 Ne5 35. Qa3 Ng4 36. f3 Ne5 37. e4 Nc4 38. Qd3 Nd2 39. f4 Nb3 40. e5 Be7 41. Qc3 Bc5+ 42. Kh1 Bd4 43. Qd3 Kf8 44. f5 Bxe5 45. Qd8+ Kg7 46. fxe6 fxe6 47. Qg5+ Kf7 48. Qxe5 Rb1+ 49. Kh2 Ke7 50. Qc7+ Kf6 51. Qc2 Rf1 52. Qxb3 1-0

[Event "TUR Cup"]
[Site "Antalya"]
[Date "2020.01.27"]
[Round "2"]
[White "Kilic, Gokturk Kagan"]
[Black "Atayman, Evren"]
[Result "1-0"]
[WhiteElo "1923"]
[BlackElo "1596"]
[PlyCount "78"]
[EventDate "2020.01.26"]
[EventType "swiss"]
[EventRounds "11"]
[EventCountry "TUR"]
[SourceTitle "CBM 194 Extra"]
[Source "ChessBase"]
[SourceDate "2020.03.31"]
[SourceVersion "1"]
[SourceVersionDate "2020.03.31"]
[SourceQuality "1"]

1. d4 Nf6 2. Nf3 e6 3. c4 d5 4. g3 Be7 5. Bg2 c6 6. 0-0 0-0 7. Nc3 dxc4 8. Ne5 Nd5 9. Nxc4 b5 10. Ne5 Bb7 11. Qc2 Nd7 12. Nxd5 cxd5 13. Nc6 Bxc6 14. Qxc6 b4 15. Bf4 Rc8 16. Qa4 Nf6 17. Qxa7 Rc2 18. Bf3 Rxb2 19. Rfc1 Bd6 20. Bg5 h6 21. Bxf6 Qxf6 22. Rc6 Bb8 23. Qc5 Rd8 24. Rc8 b3 25. axb3 Rxb3 26. Ra6 Kh7 27. Qc2+ g6 28. Rxd8 Rxf3 29. exf3 Qxd8 30. Ra8 Qc7 31. Qxc7 Bxc7 32. Ra7 Bd8 33. Rd7 Bb6 34. Rxf7+ Kg8 35. Re7 Bxd4 36. Rxe6 Bg7 37. Rxg6 d4 38. Kf1 Kf7 39. Rc6 Be5 1-0

[Event "TUR-chT2"]
[Site "Konya"]
[Date "2018.07.15"]
[Round "9.8"]
[White "Atayman, Evren"]
[Black "Taskaya, Fesih"]
[Result "1-0"]
[WhiteElo "1658"]
[BlackElo "1658"]
[PlyCount "85"]
[EventDate "2018.07.10"]
[EventType "team-swiss"]
[EventRounds "9"]
[EventCountry "TUR"]
[SourceTitle "EXT 2019"]
[Source "ChessBase"]
[SourceDate "2018.10.10"]
[SourceVersion "1"]
[SourceVersionDate "2018.10.10"]
[SourceQuality "1"]
[WhiteTeam "Mugla Dalaman"]
[BlackTeam "Denizli Onay"]
[WhiteTeamCountry "TUR"]
[BlackTeamCountry "TUR"]

1. e4 d5 2. exd5 Qxd5 3. Nc3 Qd6 4. Nf3 c6 5. d4 Bf5 6. Bd3 Bxd3 7. Qxd3 Nf6 8. Ne4 Nxe4 9. Qxe4 e6 10. c4 Be7 11. 0-0 0-0 12. Bf4 Qd8 13. Rfd1 Nd7 14. Ne5 Nf6 15. Qe2 Qa5 16. a3 Rad8 17. b4 Qa4 18. g4 Nd7 19. Rdb1 a6 20. h3 Nxe5 21. Bxe5 Rd7 22. g5 Rfd8 23. h4 Bd6 24. Bxd6 Rxd6 25. Rd1 Rxd4 26. Rxd4 Rxd4 27. Qe5 Rd8 28. Qc7 Rd1+ 29. Kg2 h6 30. gxh6 Rxa1 31. Qd8+ Kh7 32. hxg7 Kxg7 33. Qd4+ f6 34. Qxa1 Qc2 35. Qd4 Qf5 36. f3 e5 37. Qg4+ Qxg4+ 38. fxg4 Kg6 39. c5 f5 40. gxf5+ Kxf5 41. Kf3 e4+ 42. Ke3 Ke5 43. h5 1-0

[Event "TUR-chT2"]
[Site "Konya"]
[Date "2018.07.14"]
[Round "7.2"]
[White "Atayman, Evren"]
[Black "Koker, Turan Sevki"]
[Result "1-0"]
[WhiteElo "1658"]
[BlackElo "1795"]
[PlyCount "71"]
[EventDate "2018.07.10"]
[EventType "team-swiss"]
[EventRounds "9"]
[EventCountry "TUR"]
[SourceTitle "EXT 2019"]
[Source "ChessBase"]
[SourceDate "2018.10.10"]
[SourceVersion "1"]
[SourceVersionDate "2018.10.10"]
[SourceQuality "1"]
[WhiteTeam "Mugla Dalaman"]
[BlackTeam "Adana Ceyhan Belediye"]
[WhiteTeamCountry "TUR"]
[BlackTeamCountry "TUR"]

1. c4 e5 2. Nc3 Nc6 3. Nf3 g6 4. g3 Bg7 5. Bg2 f5 6. d3 Nf6 7. 0-0 0-0 8. Rb1 a5 9. a3 d6 10. b4 axb4 11. axb4 h6 12. Nd5 Be6 13. Nxf6+ Qxf6 14. b5 Ne7 15. Bb2 Qf7 16. c5 e4 17. cxd6 cxd6 18. dxe4 fxe4 19. Nd4 Bd5 20. e3 Kh7 21. Ne2 Bb3 22. Qxd6 Rfd8 23. Qf4 Qxf4 24. Nxf4 Ba2 25. Bxg7 Bxb1 26. Rxb1 g5 27. Bxe4+ Kg8 28. Bf6 Kf7 29. Bxe7 Kxe7 30. Nd5+ Kf8 31. Nc7 Ra4 32. Ne6+ Ke7 33. Nxd8 Rxe4 34. Nxb7 Rc4 35. Na5 Rc2 36. b6 1-0

[Event "TUR-chT2"]
[Site "Konya"]
[Date "2018.07.14"]
[Round "8.3"]
[White "Ozturk, Efe Hakan"]
[Black "Atayman, Evren"]
[Result "1/2-1/2"]
[WhiteElo "1908"]
[BlackElo "1658"]
[PlyCount "220"]
[EventDate "2018.07.10"]
[EventType "team-swiss"]
[EventRounds "9"]
[EventCountry "TUR"]
[SourceTitle "EXT 2019"]
[Source "ChessBase"]
[SourceDate "2018.10.10"]
[SourceVersion "1"]
[SourceVersionDate "2018.10.10"]
[SourceQuality "1"]
[WhiteTeam "Izmir Apaydin Dernegi"]
[BlackTeam "Mugla Dalaman"]
[WhiteTeamCountry "TUR"]
[BlackTeamCountry "TUR"]

1. d4 d5 2. c4 c6 3. Nf3 Nf6 4. g3 e6 5. Qc2 Be7 6. Bg2 0-0 7. 0-0 a6 8. Nbd2 b5 9. b3 Bb7 10. a4 dxc4 11. bxc4 b4 12. c5 a5 13. Nc4 Nbd7 14. Bf4 Nd5 15. Bd2 Ba6 16. Rfe1 Bxc4 17. Qxc4 Qc8 18. e4 N5f6 19. Rad1 Qa6 20. Qc2 Rab8 21. Rb1 Qa7 22. Bf4 Rb7 23. h4 Rd8 24. Bh3 Nf8 25. Ne5 Rc7 26. Nc4 Rxd4 27. Bxc7 Qxc7 28. Nd2 Rd8 29. Nb3 Ng6 30. Bg2 Ng4 31. Qe2 h5 32. Bh3 Nf6 33. f4 e5 34. f5 Nf8 35. Red1 N8d7 36. Rbc1 Qa7 37. Bg2 Kh7 38. Bf3 Nxc5 39. Qe3 Rxd1+ 40. Bxd1 Nfxe4 41. Bc2 Nxb3 42. Qxa7 Bc5+ 43. Qxc5 Nbxc5 44. Bxe4 Nxe4 45. Rxc6 Nc3 46. Rc5 f6 47. Kg2 Kg8 48. Rc8+ Kf7 49. Rc7+ Kf8 50. Ra7 Nxa4 51. Rxa5 Nc3 52. Ra8+ Ke7 53. Rb8 Nd5 54. Kf3 Kd6 55. Ke4 Nc3+ 56. Kd3 Kc5 57. Rc8+ Kb5 58. Rb8+ Ka4 59. Kc4 Ka5 60. Rxb4 Ne4 61. Rb5+ Ka6 62. Rb2 Nxg3 63. Rf2 Ne4 64. Rg2 Nd6+ 65. Kd5 Nxf5 66. Ke4 Nd6+ 67. Kd5 Nf5 68. Ke4 Nd6+ 69. Kd3 e4+ 70. Kd4 Kb6 71. Kd5 Ne8 72. Kxe4 Kc5 73. Kf5 g5 74. hxg5 fxg5 75. Kxg5 Nd6 76. Kxh5 Kd5 77. Kg4 Ke4 78. Re2+ Kd4 79. Kf4 Nc4 80. Re8 Kd5 81. Rd8+ Nd6 82. Rh8 Kd4 83. Rh5 Nc4 84. Kf5 Nd6+ 85. Ke6 Ne4 86. Rh4 Ke3 87. Ke5 Nf2 88. Ra4 Nd3+ 89. Kf5 Nc5 90. Rc4 Nd3 91. Re4+ Kd2 92. Rh4 Ke3 93. Rc4 Nf2 94. Ke6 Nd3 95. Kd5 Nf4+ 96. Kc5 Nd3+ 97. Kd6 Nf4 98. Ra4 Nd3 99. Ra3 Kd4 100. Ra5 Ke4 101. Ra8 Kd4 102. Re8 Nb4 103. Rh8 Nd3 104. Rh4+ Ke3 105. Kc6 Ne5+ 106. Kb5 Nd3 107. Kc4 Ne5+ 108. Kd5 Nf3 109. Re4+ Kd3 110. Ra4 Ke3 1/2-1/2

[Event "TUR Cup										"]
[Site "Antalya"]
[Date "2018.02.01"]
[Round "8"]
[White "Atayman, Evren"]
[Black "Unat, Can Haktan"]
[Result "0-1"]
[WhiteElo "1668"]
[BlackElo "1980"]
[PlyCount "128"]
[EventDate "2018.01.27"]
[EventType "swiss"]
[EventRounds "11"]
[EventCountry "TUR"]
[SourceTitle "CBM 182 Extra"]
[Source "ChessBase"]
[SourceDate "2018.02.23"]
[SourceVersion "1"]
[SourceVersionDate "2018.02.23"]
[SourceQuality "1"]

1. d4 Nf6 2. Nf3 g6 3. g3 d5 4. Bg2 Bg7 5. a4 0-0 6. 0-0 c5 7. c3 Nbd7 8. Bf4 Ne4 9. Qc1 b6 10. Na3 Bb7 11. Bh6 Rc8 12. Bxg7 Kxg7 13. e3 Qe8 14. Nd2 f5 15. Nxe4 fxe4 16. Qd1 Rd8 17. f4 exf3 18. Rxf3 Nf6 19. Qc2 Bc8 20. Raf1 Bf5 21. Rxf5 gxf5 22. Rxf5 Qg6 23. Re5 Rf7 24. Qxg6+ hxg6 25. Nb5 Ng4 26. Nc7 Rc8 27. Ne6+ Kf6 28. Rxd5 Kxe6 29. Rg5 Nxe3 30. Re5+ Kd6 31. Rxe3 cxd4 32. Rd3 e5 33. Be4 g5 34. g4 Rf4 35. Bf5 Rc4 36. cxd4 Rcxd4 37. Rh3 Rd1+ 38. Kg2 Rd2+ 39. Kg3 Rxa4 40. Rh7 Rxb2 41. Rd7+ Kc5 42. Rc7+ Kd4 43. Rd7+ Kc4 44. Rc7+ Kd4 45. Rd7+ Ke3 46. h4 gxh4+ 47. Kxh4 Rd4 48. Rxa7 Kf4 49. Kh5 Rh2+ 50. Kg6 Rd6+ 51. Kf7 Kg5 52. Re7 Rf6+ 53. Ke8 Rxf5 54. gxf5 Kxf5 55. Kd7 Rh6 56. Kc7 e4 57. Kb7 b5 58. Rc7 e3 59. Rc5+ Ke4 60. Ka7 e2 61. Rc8 Re6 62. Rc5 e1Q 63. Rxb5 Qa1+ 64. Kb8 Qh8+ 0-1

[Event "TUR Cup										"]
[Site "Antalya"]
[Date "2018.01.30"]
[Round "5"]
[White "Atayman, Evren"]
[Black "Erol, Harun Eser"]
[Result "1-0"]
[WhiteElo "1668"]
[BlackElo "1555"]
[PlyCount "129"]
[EventDate "2018.01.27"]
[EventType "swiss"]
[EventRounds "11"]
[EventCountry "TUR"]
[SourceTitle "CBM 182 Extra"]
[Source "ChessBase"]
[SourceDate "2018.02.23"]
[SourceVersion "1"]
[SourceVersionDate "2018.02.23"]
[SourceQuality "1"]

1. b3 d5 2. Bb2 Bf5 3. Nf3 Nf6 4. e3 g6 5. Be2 Bg7 6. 0-0 0-0 7. Nh4 Bc8 8. f4 e6 9. Nf3 b6 10. Ne5 Bb7 11. d3 Nbd7 12. Nd2 c5 13. Ndf3 Qc7 14. Qe1 Nxe5 15. Bxe5 Qc6 16. Qh4 Nd7 17. Bxg7 Kxg7 18. Ne5 Qd6 19. Nxd7 Qxd7 20. g4 f5 21. d4 Rac8 22. Bd3 c4 23. Be2 cxb3 24. cxb3 Rc3 25. Rf3 Rfc8 26. Rh3 Kg8 27. gxf5 exf5 28. Kf2 Rc2 29. Rg1 Qg7 30. Ke1 Re8 31. Bd3 Rc6 32. Ke2 Bc8 33. Kd2 Rc7 34. Rg5 Qf6 35. Rxg6+ Qxg6 36. Rg3 Rg7 37. Rxg6 Rxg6 38. Qh3 Rf6 39. Qg2+ Kf7 40. Qxd5+ Be6 41. Qb7+ Re7 42. Qa6 Rh6 43. Bc4 Rxh2+ 44. Kd3 Bxc4+ 45. Qxc4+ Kf6 46. Qc8 Rxa2 47. d5 Ra5 48. Qf8+ Rf7 49. Qh6+ Ke7 50. Qe6+ Kf8 51. d6 Rb5 52. d7 Rxb3+ 53. Kd2 Rb2+ 54. Kc3 Rxd7 55. Qxd7 Ra2 56. Qxh7 Ra5 57. e4 fxe4 58. f5 Rc5+ 59. Kd4 Rc6 60. Kxe4 Rf6 61. Ke5 Rf7 62. Qh8+ Ke7 63. f6+ Kd7 64. Qg7 Rxg7 65. fxg7 1-0

[Event "TUR-chT 2nd League"]
[Site "Konya"]
[Date "2017.07.21"]
[Round "7.2"]
[White "Atayman, Evren"]
[Black "Aytekin, Murat Eren"]
[Result "0-1"]
[WhiteElo "1593"]
[BlackElo "2201"]
[PlyCount "69"]
[EventDate "2017.07.17"]
[EventType "team-swiss"]
[EventRounds "9"]
[EventCountry "TUR"]
[SourceTitle "CBM 179 Extra"]
[Source "ChessBase"]
[SourceDate "2017.08.23"]
[SourceVersion "1"]
[SourceVersionDate "2017.08.23"]
[SourceQuality "1"]
[WhiteTeam "Mugla Ortaca Belediye"]
[BlackTeam "Bulancak Ihsaniye Genclik"]
[WhiteTeamCountry "TUR"]
[BlackTeamCountry "TUR"]

1. b3 d5 2. Bb2 Nf6 3. e3 Bf5 4. Nf3 e6 5. Be2 Bd6 6. 0-0 Nbd7 7. d4 0-0 8. c4 c6 9. Nbd2 h6 10. Ne5 a5 11. a3 Ne4 12. Nxe4 Bxe4 13. Bd3 Bxe5 14. dxe5 Bxd3 15. Qxd3 Nc5 16. Qc2 Qb6 17. cxd5 Nxb3 18. dxe6 Nxa1 19. exf7+ Rxf7 20. Bxa1 Re8 21. Bd4 c5 22. Ba1 Qc7 23. f4 b5 24. Qg6 c4 25. e6 Rff8 26. Be5 Qb7 27. f5 b4 28. axb4 axb4 29. Rf4 b3 30. Rg4 Re7 31. Bb2 c3 32. f6 cxb2 33. fxe7 Qxe7 34. Rd4 Qf6 35. Qd3 0-1